000 00361nam a2200133Ia 4500
008 230917s9999||||xx |||||||||||||| ||und||
040 _e89865
_aMAIN
041 _aEnglish
082 _a617.7 N12S
100 _aNada, Manisha
245 0 _aStudy of white without pressure peripheral retinal lesions in myopia and hypermetropia
300 _a63 p.
942 _cTH
999 _c86674
_d86674